History Quiz

Random History or Country Quiz

1970s in Pictures Quiz Stats

 Plays Quiz Updated Jul 6, 2015

Also try: 1980s in Pictures
Challenge
Share
Tweet
Score 0/20 Timer 05:00
0 Plays Today
% Correct
United Kingdom
95.7%
United States
95.7%
United States
95.5%
Vietnam
92.5%
United States
92.5%
Germany
92.5%
United States
90.7%
United Kingdom
88.3%
Vatican City
88.3%
United Kingdom
88.1%
% Correct
United States
87.2%
China
86.9%
Iran
85.9%
United States
83%
Cambodia
73.2%
Egypt
69.6%
Norway
57.9%
Guyana
47%
Canada
43.7%
Lebanon
21.2%

You're not logged in!

Compare scores with friends on all Sporcle quizzes.
OR
Log In

You Might Also Like...

Show Comments

Extras

Top Quizzes Today


Score Distribution

Your Account Isn't Verified!

In order to create a playlist on Sporcle, you need to verify the email address you used during registration. Go to your Sporcle Settings to finish the process.

Report this User

Report this user for behavior that violates our Community Guidelines.

Details: